000 00651nam a2200205 i 4500
001 49489
003 ES-MaACL
005 20250828113016.0
007 t|
008 030716q1910 sp ||||1| spa d
100 1 _aCossío, Manuel B.,
_d1857-1935
_941019
245 1 3 _aEl maestro y la escuela y el material de enseñanza /
_cManuel B. Cossío.
260 _aMadrid :
_bLa Lectura,
_c[1910?]
300 _a52 p. ;
_c18 cm.
490 1 _aCiencia y Educación. Folletos
650 4 _aEnseñanza-
_xMetodología.
_9156559
830 0 0 _aCiencia y educación (La Lectura)
_9181469
852 _aES-MaACL
_jB-6968
999 _c49489
_d49489